Northern Canada City SVG Quiz - Statistics

General Stats
  • This quiz has been taken 52 times
  • The average score is 4 of 17
Answers on the Map
Answers color-coded by a green-red scale on the quiz's map according to % correct below.
 
Answer Stats
Province/Territory Population Answer % Correct
Nunavut 7,740 Iqaluit
89%
Yukon 25,085 Whitehorse
89%
Northwest Territories 3,243 Inuvik
34%
Northwest Territories 898 Tuktoyaktuk
24%
Northwest Territories 3,528 Hay River
18%
Northwest Territories 2,542 Fort Smith
16%
Yukon 200 Mayo
16%
Nunavut 868 Arctic Bay
11%
Northwest Territories 500 Fort Liard
11%
Nunavut 1,324 Gjoa Haven
11%
Nunavut 1,481 Pangnirtung
11%
Yukon 790 Watson Lake
11%
Northwest Territories 590 Aklavik
8%
Northwest Territories 900 Fort McPherson
8%
Yukon 613 Haines Junction
8%
Nunavut 1,491 Kugluktuk
8%
Northwest Territories 778 Norman Wells
8%
No matching quizzes found
Score Distribution
Percent of People with Each Score
Percentile by Number Answered
Your Score History
You have not taken this quiz